Common Japanese City Kanji - Statistics

General Stats
  • This quiz has been taken 73 times
  • The average score is 65 of 120
Answer Stats
Kanji Freq Typical Writing % Correct
82 oo, o, dai, tai
95%
77 yama, san
95%
30 san, mi, mitsu
93%
117 kawa, gawa
91%
51 naka, chu
91%
32 nichi, hi, jitsu
90%
95 ta, da
88%
65 higashi, azuma, to
84%
37 taka, ko
84%
29 ki
83%
49 kita, hoku
83%
64 shima, jima
81%
42 ue, kami
81%
18 hon, moto
79%
80 minami, nan
79%
41 ko, o, sho
76%
17 mizu, sui
76%
18 ko, shi
74%
西 47 nishi, sei
74%
23 hachi, ya
71%
77 no
71%
11 sen, chi
71%
10 go
69%
16 kuni, koku
69%
15 na, mei, myo
69%
22 shin, atarashi, nii
69%
29 wa, nagomi, kazu
69%
14 kyo, kei
67%
30 matsu
67%
15 mae
66%
34 mi, bi
66%
22 naga, cho
66%
19 shiro, haku
66%
28 saki
64%
15 shita, ge, moto
64%
27 fu, tomi
62%
17 ishi, seki, koku
62%
12 ten, ama
62%
25 he, to
60%
9 kane, kin
60%
12 sei, nama, sho, ikiru
60%
11 shi, ichi
60%
9 te, shu
60%
22 hira, hei
59%
10 hiro
59%
11 to, tsu
59%
16 yasu, an
59%
23 betsu
57%
16 bu, be
57%
44 hara
57%
14 jin, kami, shin
57%
20 miya, gu, kyu
57%
13 umi, kai
57%
8 asa, cho
55%
22 i
55%
23 oka
55%
27 sa
55%
9 ta, futo
55%
19 ta, oi
55%
49 tsu
55%
23 uchi, nai
55%
11 fuku
53%
11 ka
53%
8 tama, gyoku
53%
9 tsuchi, to
53%
24 e
52%
10 iwa, gan
52%
10 mura, son
52%
11 saka, han
52%
10 chi, shiru
50%
25 i
50%
19 ka, ga
50%
22 hama
48%
16 kawa, ka, gawa
48%
12 fu
47%
9 ha, yo
47%
鹿 13 shika, ka
47%
19 tani, ya
47%
12 u
47%
10 aida, kan
45%
12 ko, furui
45%
14 na
45%
15 o
45%
10 ya
45%
14 a
43%
10 kome
43%
17 yoshi, kichi
43%
13 go, o
41%
18 hisa, kyu
41%
11 kokoro, shi
41%
9 nami, ha
41%
8 ri, kiku
41%
28 shiro
41%
12 shi, samurai
41%
10 hane, u
40%
12 ne
40%
11 o
40%
20 sawa
40%
8 izu, deru, dasu
38%
11 kura, so
38%
20 miru
38%
14 izumi
34%
10 tai
33%
8 take, bu
33%
8 ji, to
31%
10 numa, sho
31%
20 ura
31%
10 meshi, i
29%
10 se
29%
8 tan, ni, aka
29%
15 sato
28%
11 su
28%
9 horo
26%
15 ryo, yoshi
26%
10 etsu, koeru
24%
8 tsuru
22%
10 kiyo
21%
13 gou, sato
19%
8 sho, inaka
17%
24 ko, go
3%
No matching quizzes found
Score Distribution
Percent of People with Each Score
Percentile by Number Answered
Your Score History
You have not taken this quiz